Pracovné prostredie a jeho vplyv na výkon zamestnancov diplomová práca

Gespeichert in:
Bibliographische Detailangaben
1. Verfasser: Ritter, Marek
Körperschaft: Obchodná fakulta EU. Katedra marketingu
Weitere Verfasser: Matušovičová, Monika, 1967-
Format: Buch
Sprache:Slowakisch
Veröffentlicht: Bratislava 2017
Tags: Tag hinzufügen
Keine Tags, Fügen Sie das erste Tag hinzu!

MARC

LEADER 00000nbm a2200000 4500
001 0230737
005 20170929143406.9
041 0 |a slo 
044 |a SK 
245 1 0 |a Pracovné prostredie a jeho vplyv na výkon zamestnancov  |b diplomová práca  |c Marek Ritter ; školiteľ: Monika Matušovičová 
264 1 |a Bratislava  |c 2017 
300 |a 76 s. 
100 1 |a Ritter, Marek 
700 1 |a Matušovičová, Monika, 1967- 
710 2 |a Obchodná fakulta EU. Katedra marketingu